000 00341 a2200145 4500
001 166887
020 _a
040 _cMagnum
100 _aAlmeida, Jane Soares de
240 1 0 _aMulher e educacao: a paixao pelo possivel
_lpor
245 1 0 _aMulher e educacao: a paixao pelo possivel
362 0 _a1899
697 _aENSINO
942 _cBK
999 _c166887
_d166887